000 00716nas a2200253 4500
001 BR9900690
003 BR-BrBNA
005 20231205101231.0
007 ta
008 230509b bl.|||p| |||| 00| 00por d
040 _aBR-BrBNA
_bpor
_cBiblioteca Nacional de Agricultura
041 _a(Pt)
072 _aL74
100 1 _aWeiss, R.R.
100 1 _aWerner, P.R.
100 1 _aMessias, C.
245 1 _aAmorfo globoso na gestacao da egua - descricao de um caso
650 _aEgua
650 _aPrenhez
650 _aMalformacao
773 0 _tRevista do Setor de Ciencias Agrarias (Brazil)
_x
_g(1997), v. 16(1-2) p. 219-222
_wBR9900690
909 _a202311
_bLúcia
_c55
_dLúcia Elande
942 _2AGRIS
_n0
_cANA
999 _c160591
_d160591